<?xml version="1.0" encoding="UTF-8"?>
<record
    xmlns:xsi="http://www.w3.org/2001/XMLSchema-instance"
    xsi:schemaLocation="http://www.loc.gov/MARC21/slim http://www.loc.gov/standards/marcxml/schema/MARC21slim.xsd"
    xmlns="http://www.loc.gov/MARC21/slim">

  <leader>03357cam a22004574i 4500</leader>
  <controlfield tag="003">PE-LiUPU</controlfield>
  <controlfield tag="005">20250731165419.0</controlfield>
  <controlfield tag="008">151216s2011    pe a   grm    000 0 spa d</controlfield>
  <datafield tag="035" ind1=" " ind2=" ">
    <subfield code="a">(Sirsi) a155537</subfield>
  </datafield>
  <datafield tag="040" ind1=" " ind2=" ">
    <subfield code="a">PE-LiUPU</subfield>
    <subfield code="b">spa</subfield>
    <subfield code="c">PE-LiUPU</subfield>
    <subfield code="e">rda</subfield>
  </datafield>
  <datafield tag="099" ind1=" " ind2=" ">
    <subfield code="a">TIS 3</subfield>
    <subfield code="b">T65 2011</subfield>
  </datafield>
  <datafield tag="100" ind1="1" ind2=" ">
    <subfield code="a">Tocto Cano, Esteban</subfield>
    <subfield code="e">autor</subfield>
  </datafield>
  <datafield tag="245" ind1="1" ind2=" ">
    <subfield code="a">Implantaci&#xF3;n de soluciones de mejora de procesos basadas en BPM e ITIL V3 en un contexto Universitario: Caso Universidad Peruana Uni&#xF3;n /</subfield>
    <subfield code="E">steban Tocto Cano.</subfield>
  </datafield>
  <datafield tag="264" ind1=" " ind2="0">
    <subfield code="c">2011.</subfield>
  </datafield>
  <datafield tag="300" ind1=" " ind2=" ">
    <subfield code="a">151 hojas </subfield>
    <subfield code="c">30 cm</subfield>
  </datafield>
  <datafield tag="336" ind1=" " ind2=" ">
    <subfield code="a">text</subfield>
    <subfield code="2">rdacontent</subfield>
  </datafield>
  <datafield tag="337" ind1=" " ind2=" ">
    <subfield code="a">unmediated</subfield>
    <subfield code="2">rdamedia</subfield>
  </datafield>
  <datafield tag="338" ind1=" " ind2=" ">
    <subfield code="a">volume</subfield>
    <subfield code="2">rdacarrier</subfield>
  </datafield>
  <datafield tag="502" ind1=" " ind2=" ">
    <subfield code="a">Tesis</subfield>
    <subfield code="b">(Mg.) -- </subfield>
    <subfield code="c">Universidad Peruana Uni&#xF3;n,</subfield>
    <subfield code="d">2011.</subfield>
  </datafield>
  <datafield tag="504" ind1=" " ind2=" ">
    <subfield code="a">Incluye referencias</subfield>
  </datafield>
  <datafield tag="520" ind1="3" ind2=" ">
    <subfield code="a">El presente trabajo de investigaci&#xF3;n muestra soluciones de mejora de procesos basadas en BPM e ITIL V3, para una instituci&#xF3;n educativa de nivel superior. En primer lugar, se describe el proceso de Knowledge Management (KM) que es parte de la "Fase de Transici&#xF3;n del Servicio" de Information Technology Infraestructure Library (ITIL) V3; tiene como prop&#xF3;sito asegurar que los conocimientos necesarios se presenten en un  momento oportuno sobre la base de la informaci&#xF3;n existente; permitiendo crear un marco de trabajo, describiendo las diferentes etapas, roles, responsabilidades, claramente identificados, desde la propuesta de las recetas de soluciones hasta la aprobaci&#xF3;n e ingreso de informaci&#xF3;n, con la adopci&#xF3;n de mejores pr&#xE1;cticas de ITIL V3. Se identific&#xF3; y model&#xF3; el proceso de KM, bajo la notaci&#xF3;n Business Process Management (BPM) permitiendo a la DIGESI brindar soluciones eficientes de servicios de TI. En segundo lugar, se presenta la automatizaci&#xF3;n del proceso de Gesti&#xF3;n de Pr&#xE1;cticas Preprofesionales (GPPP) para la UPeU Filial Tarapoto, que est&#xE1; desarrollada bajo la metodolog&#xED;a y notaci&#xF3;n BPM, modelada y automatizada con la Suite de BPM de BizAgi Xpress, que se adapta al ciclo de vida de una soluci&#xF3;n BPOM bajo las siguientes fases: Modelamiento del proceso, modelamiento de datos, dise&#xF1;o de formularios, reglas del negocio y participantes e integraci&#xF3;n; como parte de la integraci&#xF3;n del proceso. La aplicaci&#xF3;n interact&#xFA;a con el gestor de Base de Datos de Microsoft SQL Server (MsSQL) que es el gestor de la data del proceso en estudio, quedando la posibilidad de alinear los sistemas de TI con los procesos de negocio, gracias al concepto de Service Oiented Architecture (SOA); logrando aumentar la sinergia entre la gesti&#xF3;n de la informaci&#xF3;n y los flujos de trabajo, permitiendo el uso de firmas digitales como mecanismos de seguridad por medio de reportes hist&#xF3;ricos de actividades del proceso e indicadores claves de desempe&#xF1;o (KPI).</subfield>
  </datafield>
  <datafield tag="526" ind1=" " ind2=" ">
    <subfield code="a">SEG44</subfield>
  </datafield>
  <datafield tag="526" ind1=" " ind2=" ">
    <subfield code="a">SEG26</subfield>
  </datafield>
  <datafield tag="526" ind1=" " ind2=" ">
    <subfield code="a">P151</subfield>
  </datafield>
  <datafield tag="526" ind1=" " ind2=" ">
    <subfield code="a">P150</subfield>
  </datafield>
  <datafield tag="526" ind1=" " ind2=" ">
    <subfield code="a">P149</subfield>
  </datafield>
  <datafield tag="526" ind1=" " ind2=" ">
    <subfield code="a">P146</subfield>
  </datafield>
  <datafield tag="526" ind1=" " ind2=" ">
    <subfield code="a">P145</subfield>
  </datafield>
  <datafield tag="526" ind1=" " ind2=" ">
    <subfield code="a">P126</subfield>
  </datafield>
  <datafield tag="526" ind1=" " ind2=" ">
    <subfield code="a">P125</subfield>
  </datafield>
  <datafield tag="526" ind1=" " ind2=" ">
    <subfield code="a">P92</subfield>
  </datafield>
  <datafield tag="526" ind1=" " ind2=" ">
    <subfield code="a">P75</subfield>
  </datafield>
  <datafield tag="526" ind1=" " ind2=" ">
    <subfield code="a">P74</subfield>
  </datafield>
  <datafield tag="526" ind1=" " ind2=" ">
    <subfield code="a">P27</subfield>
  </datafield>
  <datafield tag="526" ind1=" " ind2=" ">
    <subfield code="a">P15</subfield>
  </datafield>
  <datafield tag="650" ind1="0" ind2="4">
    <subfield code="a">Universidad Peruana Uni&#xF3;n</subfield>
    <subfield code="x">BPM.</subfield>
  </datafield>
  <datafield tag="650" ind1="0" ind2="4">
    <subfield code="a">Universidad Peruana Uni&#xF3;n</subfield>
    <subfield code="x">ITIL.</subfield>
  </datafield>
  <datafield tag="596" ind1=" " ind2=" ">
    <subfield code="a">1</subfield>
  </datafield>
  <datafield tag="942" ind1=" " ind2=" ">
    <subfield code="2">ddc</subfield>
    <subfield code="c">TESIS</subfield>
  </datafield>
  <datafield tag="999" ind1=" " ind2=" ">
    <subfield code="a">TIS 3 T65 2011</subfield>
    <subfield code="w">ALPHANUM</subfield>
    <subfield code="c">8211</subfield>
    <subfield code="i">T01231</subfield>
    <subfield code="l">CCODEBUL3</subfield>
    <subfield code="m">BUL</subfield>
    <subfield code="r">1</subfield>
    <subfield code="s">Y</subfield>
    <subfield code="t">TESIS</subfield>
    <subfield code="u">2015-12-16</subfield>
    <subfield code="x">POSGRADO</subfield>
    <subfield code="P">P74</subfield>
    <subfield code="o">.STAFF. Tesis</subfield>
    <subfield code="d">8211</subfield>
  </datafield>
  <datafield tag="980" ind1=" " ind2=" ">
    <subfield code="8">1</subfield>
    <subfield code="g">ALBERTO SANCHEZ Responsable de Automatizaci&#xF3;n</subfield>
  </datafield>
  <datafield tag="952" ind1=" " ind2=" ">
    <subfield code="r">2022-07-06 00:00:00</subfield>
    <subfield code="l">0</subfield>
    <subfield code="o">TIS 3 T65 2011</subfield>
    <subfield code="p">T01231</subfield>
    <subfield code="t">e1</subfield>
    <subfield code="w">2015-12-16</subfield>
    <subfield code="x">PG</subfield>
    <subfield code="y">TESIS</subfield>
    <subfield code="z">Este &#xCD;tem NO se presta por ser Ejemplar #1.</subfield>
    <subfield code="1">0</subfield>
    <subfield code="2">ddc</subfield>
    <subfield code="7">1</subfield>
    <subfield code="8">TESIS</subfield>
    <subfield code="f">P74</subfield>
    <subfield code="a">BUL</subfield>
    <subfield code="b">BUL</subfield>
    <subfield code="c">TESIS</subfield>
    <subfield code="d">2015-12-16</subfield>
  </datafield>
</record>
